000 00383nam a2200145Ia 4500
008 220204s9999 xx 000 0 und d
082 _a576.3
_bDIL
100 _aDillon, Lawrence S
245 0 _aUltrastructure macromolecules and evolution
260 _aNew York
_bPlenum
_c1981
650 _aBiological membrane
650 _aCell motility
650 _aMicrotubules
942 _cBK
999 _c36408
_d36408